| 000 | 01100nam a22002657a 4500 | ||
|---|---|---|---|
| 999 |
_c63831 _d63831 |
||
| 005 | 20240530110701.0 | ||
| 008 | 180109s2016 ua d g 000 0 ara d | ||
| 017 |
_a2015/9906 _bمصر. دار الكتب |
||
| 020 | _a9789778519600 | ||
| 040 |
_aEG-CaGPL _cEG-CaGPL |
||
| 082 | 0 | 4 |
_221 _a327.1 / _bم د |
| 100 | 0 | _aمحمد نصر مهنا | |
| 245 | 1 | 0 |
_aدليل الخليج العربى : _bدراسة فى تاريخ العلاقات الدولية والاقليمية / _cمحمد نصر مهنا |
| 250 | _aط. 1 | ||
| 260 |
_aالاسكندرية : _bدار الكتب والدراسات العربية ، _c2016. |
||
| 300 |
_a492 ص. : _bخرائط ؛ _c24 سم. |
||
| 650 | 0 | 7 |
_2qrmak _aمجلس التعاون الخليجى |
| 650 | 0 | 7 |
_2qrmak _aالحدود السياسية |
| 650 | 0 | 7 |
_2qrmak _aالعلاقات الخارجية |
| 650 | 0 | 7 |
_2qrmak _aالمياه الاقليمية |
| 651 | 0 | 7 |
_2qrmak _aالخليج العربى _xالاحوال السياسية |
| 653 | 0 | _aالبترول - مطامع | |
| 942 |
_2ddc _cBK |
||